01791cam a2200349 i 4500999001700000001000900017003000900026005001700035008004100052020002500093035002400118040007700142082002100219100003100240245008200271264005300353300002700406336002600433337002800459338002700487490004300514504005100557520033800608650006500946653002401011655002401035700003101059906004501090942001201135952014701147952014701294 c29114d2908517642047EG-ScBUE20210426104829.0130228s2012 enk f b 001 0 eng d a9780230251830 (pbk.) a(OCoLC)ocn815727704 aNLEbengerdacNLEdOCLCOdCDXdIG$dCODdSTFdYDXCPdFDAdDLCdEG-ScBUE04a823.509bSEA2221 aSeager, Nicholas,eauthor.14aThe rise of the novel /cNicholas Seager ; consultant editor Nicolas Tredell. 1aLondon ;aNew York :bPalgrave Macmillan,c2012. ax, 228 pages ;c23 cm. atext2rdacontentbtxt aunmediated2rdamediabn avolume2rdacarrierbnc0 aReaders' guides to essential criticism aIncludes bibliographical references and index.8 aThis guide explores the dominant methodologies, theories and debates surrounding the emergence of the novel during the 18th-century. Covering key criticism on authors such as Defoe, Fielding, Richardson and Austen, the emphasis is on how critical work is interrelated, allowing readers to discern trends in the critical conversation. 7aEnglish fictiony18th centuryxHistory and criticism.2BUEsh bHHUUEENNcApril2021 vReading book9342321 aTredell, Nicolas,eeditor. a7bcbcccopycatd2encipf20gy-gencatlg 2ddccBB 00102ddc40708BaccahaMAINbMAINc2NDd2021-04-26ePurchaseg540.00l0o823.509 SEAp000050231r2025-07-15 00:00:00v675.00w2021-04-26yNB 00102ddc40708BaccahaMAINbMAINc2NDd2021-04-26ePurchaseg540.00l0o823.509 SEAp000050232r2025-07-15 00:00:00v675.00w2021-04-26yBB